000 01945nam a2200541 i 4500
001 25029
003 KOSZ 005
005 20200505102009.0
008 980708s1996 pl a f |000 0 pol
015 _aUWD 1996/3621
020 _a8301080213
035 _a991004504169705066
035 _a(PL-WaBN)b11188303-48omnis_nlop
035 _ab11188303
035 _a(OCoLC)749663749
035 _a(PL)b0000001118830
035 _a(EXLNZ-48OMNIS_NETWORK)9910236366205606
040 _aWA N
_cWA N
_dKOSZ 005/EG
046 _k1989
080 _a556.5
080 _a528.9
080 _a(075.8)
245 1 0 _aPrzewodnik do hydrograficznych badań terenowych :
_bpraca zbiorowa /
_cpod red. Małgorzaty Gutry-Koryckiej i Heleny Werner-Więckowskiej.
250 _aWyd. 2 uzup.
260 _aWarszawa :
_bWydaw. Naukowe PWN,
_c1996.
300 _a275, [1] s. :
_brys., wykr. ;
_c21 cm +
_eZnaki kartograficzne ; Atlas roślin wskaźnikowych : 32 s. : rys. ; 20 cm.
336 _aTekst
_btxt
_2rdacontent
337 _aBez urządzenia pośredniczącego
_bn
_2rdamedia
338 _aWolumin
_bnc
_2rdacarrier
380 _aKsiążki
380 _aPublikacje dydaktyczne
385 _mPoziom nauczania
_aSzkoły wyższe
388 _a1901-2000
388 _a1989-2000
504 _aBibliogr. przy rozdz.
650 7 _aHydrografia
_2DBN
650 7 _aKartografia hydrograficzna
_2DBN
650 7 _aWody śródlądowe
_2DBN
655 7 _aPodręczniki akademickie
_2DBN
658 _aGeografia i nauki o Ziemi
658 _aInżynieria i technika
700 1 _aGutry-Korycka, Małgorzata
_d(1942- )
_eRedakcja
700 1 _aWerner-Więckowska, Helena
_d(1910-1996)
_eRedakcja
710 2 _aWydawnictwo Naukowe PWN
_4pbl
856 _uhttp://koha.tu.koszalin.pl/cgi-bin/koha/opac-detail.pl?biblionumber=25029
_yKatalog online BPK
942 _2UKD
_cKS
999 _c25029
_d25029